000 00940nam a22001937a 4500
999 _c184975
_d184975
005 20220623115236.0
010 _aB-742379-382 HIN-21-22
020 _a9789390594085
_c425.00
035 _aB-742379-382
037 _bEmpty Canvas Publishers
082 _a
100 _aचतुरसेन, आचार्य
245 _aवैशाली की नगरवधू /
_cआचार्य चतुरसेन
260 _aNew Delhi
_bEmpty Canvas Publishers
_c2021
270 _a4435-36/7, First Floor, Ansari Road, Daryaganj
_bNew Delhi
_e110002
300 _a474पृ.
_c22सेमी(अजिल्द)
942 _2ddc
_cHN
_mचतुर
_h